| 000 | 00497nam a22001697a 4500 | ||
|---|---|---|---|
| 008 | 241217b ||||| |||| 00| 0 spa d | ||
| 020 | _a950-06-0529-5 | ||
| 040 |
_aAR-FvUNAJ _dAR-FvUNAJ _eaacr2 |
||
| 082 | 1 | 4 |
_214 _a616.99 |
| 100 | 1 |
_921039 _aDonegan, William L. |
|
| 245 | 1 | 0 |
_aCáncer de mama / _cWilliam L. Donegan, John S. Spratt. |
| 250 | _a2a.ed. | ||
| 260 |
_aBuenos Aires : _bMédica Panamericana, _c1982. |
||
| 300 | _a493 p. | ||
| 700 | 1 |
_921040 _aSpratt, John S. |
|
| 942 |
_2ddc _cLIBRO |
||
| 999 |
_c10616 _d10616 |
||
| 980 |
_62 _aVirginia Figueroa _82 _gVirginia Figueroa |
||